Responses for Show #8802 - Tuesday, February 7, 2023

Matthew Marcus game 4.

Contestants

[<< previous game]

Greg Snyder, a call center manager from Las Vegas, Nevada

Carolyn Shivers, an associate professor from Grand Island, New York

Matthew Marcus, a software developer from Portland, Oregon (whose 3-day cash winnings total $87,400)

[next game >>]

Jeopardy! Round responses

WHICH WAR?
NUTS TO YOU!
ALSO AN NFL TEAM
WHOA, "O"!
WE'RE HALFWAY THERE
LIVIN' ON A PRAIRIE
    $200 30
The Hundred Years' War

Greg
    $200 22
fat

Greg
    $200 6
chargers

Matthew
    $200 29
Oasis

Matthew
    $200 28
Half-Blood Prince

Carolyn
    $200 27
Kansas

Carolyn
    $400 21
the Falklands War

Matthew
    $400 13
chestnuts

Greg
    $400 5
the Bills

Greg
    $400 18
an orphan

Greg
    $400 26
a half nelson

Greg
    $400 24
the fur trading

Carolyn
    $600 20
the Peloponnesian War

Matthew
    $600 9
almonds

Greg
    $600 1
Cardinals

Carolyn
    $600 3
Öyster

Carolyn
    $600 7
Solomon

Matthew
    $600 8
Saskatchewan

Matthew
    $800 19
the War of 1812

Greg
    $800 10
acorns

Greg
    $800 4
browns

Carolyn
    $800 17
onomatopoeia

Carolyn
    $800 14
a powder room

Matthew
    $800 15
a schooner

Carolyn
    $1000 12
(Ken: [Slight pause] Correct.)

the Six Days' War

Carolyn
    $1000 11
Brazil

Greg
    $1000 2
Titans

Matthew
    $1000 16
omnibus

Carolyn
    $1000 23
Denmark

Matthew
    $800 25
Eden

Carolyn

Scores at the first commercial break (after clue 15):

Matthew Carolyn Greg
$3,200 $3,800 $3,200

Scores at the end of the Jeopardy! Round:

Matthew Carolyn Greg
$5,400 $7,200 $5,200

Double Jeopardy! Round responses

LITERARY TITLE CHARACTERS
THE 20th CENTURY BY COUNTRY
SCIENCE & TECHNOLOGY
ROLE: MODEL
HOLIDAYS AROUND THE GLOBE
WORDS WITH DIPHTHONGS
    $400 30
(Ken: [After Matthew rings in] Matthew, he's your favorite writer.)
(Matthew: Who is Earnest?)
(Ken: No.)
(Matthew: Ohh.)
[Ken laughs.]
...
(Ken: Yes, Matthew had the wrong work; well, you'll have to take that.)

Dorian Gray

MatthewCarolyn
    $400 29
Venezuela

Carolyn
    $400 26
a camera

Greg
    $400 27
Magic Mike

Greg
    $400 28
the Caribbean

Carolyn
    $400 23
chair

Carolyn
    $800 9
Earl

Carolyn
    $800 25
Spain

Triple Stumper
    $800 5
(Carolyn: Oh, what is... oxygen?)
...
(Ken: Yes, the other part of water.)

hydrogen

CarolynGreg
    $800 12
(Ashton) Kutcher

Greg
    $800 24
(Greg: What is Japan?)

Taiwan

MatthewGreg
    $800 22
a spoiler

Greg
    $1200 2
Abraham Lincoln

Greg
    $1200 4
(Matthew: Um, [*]? Oh, what is [*]?)

Mexico

Matthew
    $5,000 7
anaerobic

Greg
    $1200 10
Tyra Banks

Carolyn
    $4,000 15
(Greg: What are igloos?)

saunas

Greg
    $1200 19
pout

Carolyn
    $1600 3
Owen Meany

Matthew
    $1600 18
Poland

Matthew
    $1600 6
the Mesozoic

Greg
    $1600 11
Em Rata (Emily Ratajkowski)

Carolyn
    $1600 14
(Greg: What is [*]?)
(Ken: Mmm...)
(Greg: [**]?)
(Ken: We'll take that, they're [***].)

bathe, wash (getting wet)

Greg
    $1600 21
counsel (counselor)

Matthew
    $2000 8
(Carolyn: What is Pendragon?)

Less

Carolyn
Triple Stumper
    $2000 17
(Greg: What is World War I?)

Turkey

MatthewGreg
    $2000 1
(Robert) Moog

Matthew
    $2000 16
(Milla) Jovovich

Greg
    $2000 13
Eid

Matthew
    $2000 20
Ploughman

Matthew

Scores at the end of the Double Jeopardy! Round:

Matthew Carolyn Greg
$19,800 $10,800 $13,000

[wagering suggestions for these scores]

Final Jeopardy! Round responses

WORD ORIGINS
(Ken: [To Carolyn] Yes, the utterance you repeat during meditation.)
...
(Ken: What is my lovely wife? Aw.)
[Laughter] That's not from the Sanskrit for "to think" at all, but you--you are gonna have big points at home. That's maybe the most correct answer up here... risked everything on your wife, dropping you down to nothing.)
[Laughter]
(Ken: [Referencing Greg having been a contestant on The Price is Right] Come on down to zero dollars, as we say in the game show biz.)
[Carolyn laughs.]
CarolynWhat is mantra?
$9,001
GregWhat is my lovely wife?
$13,000
MatthewWhat is a mantra
$7,000
mantra

Final scores:

Matthew Carolyn Greg
$26,800 $19,801 $0
4-day champion: $114,200 2nd place: $2,000 3rd place: $1,000

Game dynamics:

Coryat scores:

Matthew Carolyn Greg
$19,800 $11,000 $13,200
18 R,
1 W
19 R
(including 1 DD),
2 W
20 R
(including 1 DD),
3 W
(including 1 DD)

Combined Coryat: $44,000

[game clues] [game scores] [suggest correction]

Game tape date: 2022-12-08
The J! Archive is created by fans, for fans. Scraping, republication, monetization, and malicious use prohibited; this site may use cookies and collect identifying information. See terms. The Jeopardy! game show and all elements thereof, including but not limited to copyright and trademark thereto, are the property of Jeopardy Productions, Inc. and are protected under law. This website is not affiliated with, sponsored by, or operated by Jeopardy Productions, Inc. Join the discussion at JBoard.tv.